000 00960nam a2200325Ia 4500
003 OSt
005 20220912150417.0
006 a|||||r|||| 00| 0
007 ta
008 220909b |||||||| |||| 00| 0 eng d
020 _a3540587462 (pbk)
024 _a4651
037 _bSumee,
037 _cTextual
040 _aCSL
_beng
_cCSL
041 _aeng
082 _aD65,8(B)94Mt0bA, N5
100 _aGander Walter
245 0 _aSolving problems in scientific computing using Maple and Matlab
250 _aEd 2
260 _aBerlin
_bSpringer-Verlag
_c1995
300 _axv,315p +106 fig +8 tables
500 _aIncludes bibliographical references; Index 313-315p
650 _a Computer program package
650 _a Maple irt Science
650 _aComputer science
700 _a Hrebicek Jiri
942 _hD65,8(B)94Mt0bA, N5
_cTEXL
_2CC
999 _c46988
_d46988